000 00728nam a22002777a 4500
003 UA-OsUOA
001 26939
007 ta
008 20040611b un ||||| |||| 00| 0 ukr d
100 _aФомичев С.К.
700 _aСтаростина А.А.
700 _aСкрябина Н.И.
090 _a658.56(075)
_bФ76
942 _cBK
040 _aUA-OsUOA
_brus
_cUA-OsUOA
_dUA-OsUOA
245 _aОсновы управления качеством
_bУчеб.пособие
300 _a196 с.
_bІлюстрації
955 _a0
041 _arus
080 _a658.56(075)
020 _a966-608-014-1
260 _aКиев
_bМАУП
_c2000
044 _aUA
650 7 _2UDC
999 _c313276
_d313276